00278nam a2200097Ia 4500008004000000082001600040100002100056245005100077260003900128300001300167210210b1970 xxu||||| |||| 00| 0 eng d a307.76 BULP aBULSARA (Jal F). aPatterns of social life in metropolitan areas. aBombay.bPopular Prakashan.,c1970 axxvi,456